00601nam a2200181 a 450000100100000000500170001000800410002704000250006808200150009310000280010824500620013626000330019830000210023170000300025204900090028295201130029199900150040400000996320200929161800.0091002s19uu sp 000 0 spa d aDO-SdBNPbspacBNPHU axxxbG752h1 aGrandet, Eugenia92490810aHonorato de Balzac /cEugenia Grandet, César Birotteau. aEspaña :bBruguera,c19uu. a672 p. ;c19 cm.1 aBirotteau, César924909 aBNPD 0010507-18MOaGRbGRcOId2009-10-02iLF1l0oxxx G752hp9963-10r2020-06-25w2020-06-25y1ZNo se presta c9722d9722